000
00292nam a2200121Ia 4500
008
230627s9999 xx 000 0 und d
041
_a
mar
082
_a
320.5
_b
NAI
100
_a
Nair C. S
245
_a
Gandhi And Anarchy
250
_a
2ed.
260
_a
New Delhi
_b
Mittal Publications
_c
1922
999
_c
684507
_d
684507